Normal view
MARC view
Entry Personal Name
001 - CONTROL NUMBER
- control field: 35425
003 - CONTROL NUMBER IDENTIFIER
- control field: dpl
005 - DATE AND TIME OF LATEST TRANSACTION
- control field: 20111010152314.0
008 - FIXED-LENGTH DATA ELEMENTS
- fixed length control field: 111010|||a|||||| | ||| d
040 ## - CATALOGING SOURCE
- Original cataloging agency: dpl
- Transcribing agency: dpl
100 ## - HEADING--PERSONAL NAME
- Personal name: पाई, रूपा
670 ## - SOURCE DATA FOUND
- Source citation: Work cat.: (dpl): पाई, रूपा, दीदी, दीदी, रात को सूरज चाचा कहाँ छिप जाते हैं ? /, 2011
670 ## - SOURCE DATA FOUND
- Source citation: Work cat.: (dpl): पाई, रूपा, दीदी, दीदी, रात को सूरज चाचा कहाँ छिप जाते हैं ? /, 2011
